000 00491nam a2200181Ia 4500
005 20250508151256.0
008 008 250505s9999 xx 000 0 eng d
037 _aTextual
040 _aFEDL
_beng
_cFEDL
041 _aeng
_2eng
084 _a808.5, TRE
_qFEDL
100 _aTresidder Argus
245 0 _aReading to others
260 _aChicago
_bScott, Foresman and Company USA
_c1940
300 _axiii,529p
942 _cTEXL
_h808.5, TRE
999 _c1328790
_d1328790